000 01023nam a22002537a 4500
003 0
005 20251021153628.0
008 251017b xxu||||| |||| 00| 0 eng d
020 _a978-0-14-313072-7
050 _aBF 575.H27
_b.G37 2017
100 _aGarcía, Héctor,
_eauthor.
245 _aIkigai :
_bthe Japanese secret to a long and happy life /
_cHéctor García and Francesc Miralles ; translated by Heather Cleary.
260 _aLondon :
_bPenguin Books,
_c2017.
300 _a194 pages ;
_c19 cm.
500 _aOriginally published in Spanish as "Ikigai: Los secretos de Japón para una vida larga y feliz."
504 _aIncludes bibliographical references.
520 _aExplores the Japanese concept of "ikigai," or purpose in life, and how it contributes to happiness and longevity.
650 _aHappiness
_xPsychological aspects.
650 _aConduct of life.
650 _aSelf-realization.
700 _aMiralles, Francesc,
_eauthor.
700 _aCleary, Heather,
_eauthor.
942 _2lcc
_cBK
999 _c368267
_d368267